Desafío total = Total Recall /

שמור ב:
מידע ביבליוגרפי
מחבר ראשי: Verhoeven, Paul (realización)
מחברים אחרים: Shusett, Ronald (guión) (guión), O'Bannon, Dan (guión) (guión), Goldman, Gary (guión) (guión), Vacano, Jost (fotógrafo) (fotógrafo), Urioste, Frank J. (montaje) (montaje), Goldsmith, Jerry (música) (música), Schwarzenegger, Arnold (actuación) (actuación), Ticotin, Rachel (actuación) (actuación), Stone, Sharon (actuación) (actuación), Verhoeven, Paul (comentarios) (comentarios), Schwarzenegger, Arnold (comentarios) (comentarios), Schwarz, Jeffrey (realización) (realización), Coleman, Steve (fotógrafo) (fotógrafo), Newport, Jim (fotógrafo) (fotógrafo), Reinhardt, Bernd (fotógrafo) (fotógrafo), Rosenbluh, Erik (montaje) (montaje)
פורמט: שקופית
שפה:אנגלית
יצא לאור: EUA : Carolco Pictures : Automat Pictures, c1990-2001
נושאים:
תגים: הוספת תג
אין תגיות, היה/י הראשונ/ה לתייג את הרשומה!

MARC

LEADER 00000ngm^a2200000^a^4500
001 000184430
005 20251020000000.0
009 20260310102115.903
037 |a Acervo ITESO - Biblioteca 
041 |a ING 
082 |a 810.  |b VER 
100 |a Verhoeven, Paul  |e (realización) 
240 1 4 |a [El vengador del futuro] 
245 1 0 |a Desafío total =  |b Total Recall /  |c Realización de P. Verhoeven. 
246 2 |a Título de exhibición cinematográfica en México: El vengador del futuro 
246 2 |a Título en la cubierta: Total Recall 
264 4 |a EUA :  |b Carolco Pictures :  |b Automat Pictures,  |c c1990-2001 
264 2 |a Santa Mónica, EUA :  |b Artisan Entertainment [distribución],  |c 2001, c2001 
300 |a 1 DVD región 1  |c (113, 30, 5 min.) +  |e 1 folleto ([8] p.) 
336 |a imagen móvil bidimensional  |b tdi  |2 rdacontenido 
337 |a video  |b v  |2 rdamedio 
338 |a videodisco  |b vd  |2 rdasoporte 
500 |a Basado en: We Can Remember It for You Wholesale, de Philip K. Dick 
546 |a En inglés, con subtítulos opcionales: español, francés, inglés 
649 |a XX 
650 |a Cineastas Holandeses 
650 |a Películas de Ciencia-Ficción 
650 |a Cine de Aventuras 
650 |a Making Of (Documentales detrás de Cámaras) 
650 |a Cine Norteamericano -  |y 1990-1999 
650 |a Cine Norteamericano -  |y Siglo XX 
650 |a Cine Norteamericano -  |x Historia y Crítica 
650 |a Cuentos Norteamericanos -  |x Adaptaciones para Cine 
650 |a Literatura Norteamericana -  |y Siglo XX -  |x Adaptaciones para Cine 
650 |a Literatura y Cine 
650 |a Identidad Personal 
650 |a Memoria 
650 |a Psicología Cognitiva 
650 |a Psicopatología 
650 |a Realidad Virtual 
650 |a Tecnología y Sociedad 
650 |a Marte (Planeta) 
650 |a Verhoeven, Paul 
740 0 |a Imagining Total Recall /  |c Realización de J. Schwarz. 
740 0 |a Visions of Mars /  |c Realización de J. Schwarz. 
700 |a Shusett, Ronald  |e (guión) 
700 |a O'Bannon, Dan  |e (guión) 
700 |a Goldman, Gary  |e (guión) 
700 |a Vacano, Jost  |e (fotógrafo) 
700 |a Urioste, Frank J.  |e (montaje) 
700 |a Goldsmith, Jerry  |e (música) 
700 |a Schwarzenegger, Arnold  |e (actuación) 
700 |a Ticotin, Rachel  |e (actuación) 
700 |a Stone, Sharon  |e (actuación) 
700 |a Verhoeven, Paul  |e (comentarios) 
700 |a Schwarzenegger, Arnold  |e (comentarios) 
700 |a Schwarz, Jeffrey  |e (realización) 
700 |a Coleman, Steve  |e (fotógrafo) 
700 |a Newport, Jim  |e (fotógrafo) 
700 |a Reinhardt, Bernd  |e (fotógrafo) 
700 |a Rosenbluh, Erik  |e (montaje) 
910 |a Fondo General 
920 |a Audiovisuales - DVDs 
940 |a Películas 
905 |a 302 
901 |a 0500105009  |b IT2  |c DVS  |u 20250521 
901 |a 0500105007  |b IT2  |c MIN  |u 20251020 
902 |a https://opac.biblio.iteso.mx/vufind/Record/000184430